Statistics for 20 Best Countries in Human Wellbeing 2016

Click here to take the quiz!

General Stats

  • This quiz has been taken 51 times
  • The average score is 16 of 20

Answer Stats

HintAnswer% Correct
6Sweden
96%
17France
93%
12United Kingdom
93%
13Austria
91%
1Finland
91%
2Germany
91%
14Switzerland
91%
3Netherlands
89%
5Norway
89%
19Ireland
87%
9Denmark
84%
15Japan
84%
8Belgium
82%
4Iceland
82%
19South Korea
76%
16Poland
71%
11Czech Republic
67%
18Estonia
67%
7Slovenia
56%
20Slovak Republic
42%

Score Distribution

Percentile by Number Answered

Percent of People with Each Score

Your Score History

You have not taken this quiz